Verfassungsrechtliche Maßstäbe der Unternehmenssteuerreform
Saved in:
| Main Author: | |
|---|---|
| Format: | Article (Journal) |
| Language: | German |
| Published: |
2000
|
| In: |
Die Steuerberatung
Year: 2000, Volume: 43, Issue: 12, Pages: 552-558 |
| ISSN: | 0490-9658 |
| Online Access: |
|
| Author Notes: | Paul Kirchhof |
MARC
| LEADER | 00000caa a22000002c 4500 | ||
|---|---|---|---|
| 001 | 1659860121 | ||
| 003 | DE-627 | ||
| 005 | 20220816111203.0 | ||
| 007 | tu | ||
| 008 | 001228s2000 xx ||||| 00| ||ger c | ||
| 035 | |a (DE-627)1659860121 | ||
| 035 | |a (DE-576)088871878 | ||
| 035 | |a (DE-599)BSZ088871878 | ||
| 035 | |a (OCoLC)1341204458 | ||
| 040 | |a DE-627 |b ger |c DE-627 |e rakwb | ||
| 041 | |a ger | ||
| 084 | |a 19 |2 sdnb | ||
| 100 | 1 | |a Kirchhof, Paul |d 1943- |0 (DE-588)121398897 |0 (DE-627)081282281 |0 (DE-576)161714323 |4 aut | |
| 245 | 1 | 0 | |a Verfassungsrechtliche Maßstäbe der Unternehmenssteuerreform |c Paul Kirchhof |
| 264 | 1 | |c 2000 | |
| 300 | |a 7 | ||
| 336 | |a Text |b txt |2 rdacontent | ||
| 337 | |a ohne Hilfsmittel zu benutzen |b n |2 rdamedia | ||
| 338 | |a Band |b nc |2 rdacarrier | ||
| 773 | 0 | 8 | |i In |t Die Steuerberatung |d Bonn : Stollfuß Medien, 1958 |g 43(2000), 12, Seite 552-558 |w (DE-627)130165131 |w (DE-600)519099-X |w (DE-576)015708314 |x 0490-9658 |7 nnas |a Verfassungsrechtliche Maßstäbe der Unternehmenssteuerreform |
| 773 | 1 | 8 | |g volume:43 |g year:2000 |g number:12 |g pages:552-558 |g extent:7 |a Verfassungsrechtliche Maßstäbe der Unternehmenssteuerreform |
| 951 | |a AR | ||
| 992 | |a 20130621 | ||
| 993 | |a Article | ||
| 994 | |a 2000 | ||
| 998 | |g 121398897 |a Kirchhof, Paul |m 121398897:Kirchhof, Paul |d 20000 |d 20300 |e 20000PK121398897 |e 20300PK121398897 |k 0/20000/ |k 1/20000/20300/ |p 1 |x j |y j | ||
| 999 | |a KXP-PPN1659860121 |e 3411049553 | ||
| BIB | |a Y | ||
| SER | |a journal | ||
| JSO | |a {"id":{"eki":["1659860121"]},"language":["ger"],"name":{"displayForm":["Paul Kirchhof"]},"person":[{"role":"aut","family":"Kirchhof","given":"Paul","display":"Kirchhof, Paul"}],"physDesc":[{"extent":"7 S."}],"type":{"bibl":"article-journal"},"origin":[{"dateIssuedKey":"2000","dateIssuedDisp":"2000"}],"title":[{"title":"Verfassungsrechtliche Maßstäbe der Unternehmenssteuerreform","title_sort":"Verfassungsrechtliche Maßstäbe der Unternehmenssteuerreform"}],"recId":"1659860121","relHost":[{"type":{"bibl":"periodical"},"disp":"Verfassungsrechtliche Maßstäbe der UnternehmenssteuerreformDie Steuerberatung","titleAlt":[{"title":"Stbg"}],"name":{"displayForm":["hrsg. in Verbindung mit dem Bundesverband der Steuerberatenden Berufe e.V., Bonn"]},"language":["ger"],"id":{"issn":["0490-9658"],"zdb":["519099-X"],"eki":["130165131"]},"part":{"pages":"552-558","text":"43(2000), 12, Seite 552-558","year":"2000","issue":"12","volume":"43","extent":"7"},"pubHistory":["1.1958,1(Juli) -"],"origin":[{"dateIssuedKey":"1958","publisher":"Stollfuß Medien","dateIssuedDisp":"1958-","publisherPlace":"Bonn"}],"note":["Urh. anfangs: Bundesverband der Steuerbevollmächtigten e.V"],"recId":"130165131","title":[{"title":"Die Steuerberatung","title_sort":"Steuerberatung"}]}]} | ||
| SRT | |a KIRCHHOFPAVERFASSUNG2000 | ||